Théatre de Schiller / (Record no. 164917)
[ view plain ]
| 000 -LEADER | |
|---|---|
| campo de control de longitud fija | 01111nam a22002175i 4500 |
| 001 - NÚMERO DE CONTROL | |
| campo de control | 164917 |
| 003 - IDENTIFICADOR DE NÚMERO DE CONTROL | |
| campo de control | ES-MaACL |
| 005 - FECHA Y HORA DE LA ÚLTIMA TRANSACCIÓN | |
| campo de control | 20250716010458.0 |
| 008 - DATOS DE LONGITUD FIJA--INFORMACIÓN GENERAL | |
| campo de control de longitud fija | 050812s1860 fr | |||||||| ||fre d |
| 040 ## - FUENTE DE CATALOGACIÓN | |
| Centro catalogador/agencia de origen | CAM |
| Lengua de catalogación | spa |
| Centro/agencia transcriptor | CAM |
| 100 1# - ENTRADA PRINCIPAL--NOMBRE DE PERSONA | |
| Nombre de persona | Schiller, Friedrich, |
| Fechas asociadas al nombre | 1759-1805 |
| 9 (RLIN) | 104361 |
| 245 10 - MENCIÓN DEL TÍTULO | |
| Título | Théatre de Schiller / |
| Mención de responsabilidad, etc. | traduction nouvelle, précédée d'une notice sur sa vie et ses ouvrages par X. Marmier. |
| 250 ## - MENCION DE EDICION | |
| Mención de edición | 4e éd. rev., corr. et augm. |
| 260 ## - PUBLICACIÓN, DISTRIBUCIÓN, ETC. | |
| Lugar de publicación, distribución, etc. | Paris : |
| Nombre del editor, distribuidor, etc. | Charpentier, libraire-éditeur, |
| Fecha de publicación, distribución, etc. | 1860 ( |
| Lugar de fabricación/manufactura | Corbeil : |
| Fabricante | typographie et stér. de Crété) |
| 300 ## - DESCRIPCIÓN FÍSICA | |
| Extensión | 3 v. ; |
| Dimensiones | 18 cm. |
| 505 8# - NOTA DE CONTENIDO CON FORMATO | |
| Nota de contenido con formato | Contiene: T. I. Les brigands ; La conjuration de Flesque ; L'intrigue et l'amour (430, [2] p.) -- T. II. Don Carlos ; Marie Stuart ; Jeanne d'Arc (405, [2] p.) -- T. III. Le Camp de Wallenstein ; Les Piccolomini ; La mort de Wallenstein ; La fiancée de Messine ; Guillaume Tell (480, [2] p.) |
| 700 1# - ENTRADA AGREGADA--NOMBRE PERSONAL | |
| Nombre de persona | Marmier, Xavier, |
| Fechas asociadas al nombre | 1809-1892 |
| 9 (RLIN) | 129516 |
| 852 ## - LOCALIZACIÓN | |
| Ubicación | ES-MaACL |
| Número de control de estantería | D-3194-3196 |
| Nota libre | -- Enc. tela |
| -- | -- Legado de Modesto de La Fuente |
| Estatus retirado | Estado de pérdida | Estado de daño | No para préstamo | Colección | Biblioteca de origen | Biblioteca actual | Ubicación en estantería | Fecha de adquisición | Fuente de adquisición | Total de préstamos | Signatura topográfica completa | Código de barras | Visto por última vez | Precio de reemplazo | Tipo de ítem Koha |
|---|---|---|---|---|---|---|---|---|---|---|---|---|---|---|---|
| Libros del s. XIX | Biblioteca del Ateneo de Madrid | Biblioteca del Ateneo de Madrid | Sala Valle Inclán | 17/01/2008 | D-3194-3196 | 901172882 | 23/02/2023 | 23/02/2023 | Libro impreso antiguo |
